<?xml version="1.0" encoding="UTF-8"?>
<record
    xmlns:xsi="http://www.w3.org/2001/XMLSchema-instance"
    xsi:schemaLocation="http://www.loc.gov/MARC21/slim http://www.loc.gov/standards/marcxml/schema/MARC21slim.xsd"
    xmlns="http://www.loc.gov/MARC21/slim">

  <leader>00879nam a22002297a 4500</leader>
  <controlfield tag="005">20170123162354.0</controlfield>
  <datafield tag="010" ind1=" " ind2=" ">
    <subfield code="a">008554</subfield>
  </datafield>
  <datafield tag="020" ind1=" " ind2=" ">
    <subfield code="c">1.80</subfield>
  </datafield>
  <datafield tag="035" ind1=" " ind2=" ">
    <subfield code="a">008554</subfield>
  </datafield>
  <datafield tag="037" ind1=" " ind2=" ">
    <subfield code="b">Cen Lib/Ret</subfield>
  </datafield>
  <datafield tag="040" ind1=" " ind2=" ">
    <subfield code="a">DPL</subfield>
    <subfield code="b">UR</subfield>
  </datafield>
  <datafield tag="082" ind1=" " ind2=" ">
    <subfield code="a">900</subfield>
    <subfield code="b">&#x6C1; &#x627; &#x621;</subfield>
  </datafield>
  <datafield tag="100" ind1=" " ind2=" ">
    <subfield code="a">&#x6C1;&#x627;&#x626;&#x6CC; &#x644;&#x6CC;&#x646;&#x688;&#x60C; &#x62C;&#x627;&#x6BA;  &#x627;&#x6CC;&#x633; </subfield>
    <subfield code="9">137861</subfield>
  </datafield>
  <datafield tag="245" ind1=" " ind2=" ">
    <subfield code="a">/ &#x6C1;&#x646;&#x62F;&#x648;&#x633;&#x62A;&#x627;&#x646; &#x6A9;&#x6CC; &#x634;&#x627;&#x646;&#x62F;&#x627;&#x631; &#x645;&#x627; &#x636;&#x6CC;</subfield>
    <subfield code="b"> </subfield>
    <subfield code="c">&#x62C;&#x627;&#x6BA;  &#x627;&#x6CC;&#x633; &#x6C1;&#x627;&#x626;&#x6CC; &#x644;&#x6CC;&#x646;&#x688; &#x61B; [&#x627;&#x648;&#x631;] &#x645;&#x62A;&#x631;&#x62C;&#x645; &#x633;&#x6CC;&#x62F; &#x645;&#x628;&#x627;&#x631;&#x632; &#x627;&#x644;&#x62F;&#x6CC;&#x646; &#x631;&#x641;&#x639;&#x62A;</subfield>
  </datafield>
  <datafield tag="246" ind1=" " ind2=" ">
    <subfield code="a">Hindustan ki shandar mazi /</subfield>
    <subfield code="b">by John S. Highland; [and] Translated by Saiyyad mubaraz-Uddin Rafat </subfield>
  </datafield>
  <datafield tag="260" ind1=" " ind2=" ">
    <subfield code="a">&#x62F;&#x6C1;&#x644;&#x6CC;</subfield>
    <subfield code="b">(&#x627;&#x646;&#x62C;&#x645;&#x646; &#x62A;&#x631;&#x642;&#x6CC; &#x627;&#x631;&#x62F;&#x648;(&#x6C1;&#x646;&#x62F;</subfield>
    <subfield code="c">1944</subfield>
  </datafield>
  <datafield tag="270" ind1=" " ind2=" ">
    <subfield code="a">&#x627;&#x631;&#x62F;&#x648; &#x6AF;&#x6BE;&#x631;, &#x631;&#x648;&#x633; &#x627;&#x6CC;&#x648;&#x646;&#x6CC;&#x648;</subfield>
    <subfield code="b">&#x62F;&#x6C1;&#x644;&#x6CC;</subfield>
  </datafield>
  <datafield tag="300" ind1=" " ind2=" ">
    <subfield code="a">238p.</subfield>
    <subfield code="c">17cm(Hb)</subfield>
  </datafield>
  <datafield tag="650" ind1=" " ind2=" ">
    <subfield code="a">&#x642;&#x62F;&#x6CC;&#x645; &#x62A;&#x627;&#x631;&#x6CC;&#x62E;</subfield>
    <subfield code="9">137862</subfield>
  </datafield>
  <datafield tag="650" ind1=" " ind2=" ">
    <subfield code="a">Ancient history</subfield>
    <subfield code="9">137863</subfield>
  </datafield>
  <datafield tag="942" ind1=" " ind2=" ">
    <subfield code="2">ddc</subfield>
    <subfield code="c">UR</subfield>
    <subfield code="h">900</subfield>
    <subfield code="m">&#x6C1; &#x627; &#x621;</subfield>
  </datafield>
  <datafield tag="999" ind1=" " ind2=" ">
    <subfield code="c">109449</subfield>
    <subfield code="d">109449</subfield>
  </datafield>
  <datafield tag="952" ind1=" " ind2=" ">
    <subfield code="0">0</subfield>
    <subfield code="1">0</subfield>
    <subfield code="4">0</subfield>
    <subfield code="7">0</subfield>
    <subfield code="a">L</subfield>
    <subfield code="b">L</subfield>
    <subfield code="d">2016-03-11</subfield>
    <subfield code="e">Cen Lib/Ref</subfield>
    <subfield code="g">1.80</subfield>
    <subfield code="l">0</subfield>
    <subfield code="o">900 &#x6C1; &#x627; &#x621;</subfield>
    <subfield code="p">008554</subfield>
    <subfield code="r">2016-03-11 00:00:00</subfield>
    <subfield code="t">1</subfield>
    <subfield code="v">1.80</subfield>
    <subfield code="w">2016-03-11</subfield>
    <subfield code="y">UR</subfield>
  </datafield>
</record>
